| 000 | 00745nam a22002177a 4500 | ||
|---|---|---|---|
| 999 |
_c7475 _d7475 |
||
| 003 | AR-CdUCM | ||
| 008 | 190320b ||||| |||| 00| 0 spa d | ||
| 020 | _a9681615344 | ||
| 040 |
_aMUNICIPALIDAD PROVINCIAL DEL CUSCO _cBIBLIOTECA MUNICIPAL DEL CUSCO |
||
| 082 |
_a974.014 / _bC28 |
||
| 100 |
_aCaso, Alfonso _921079 |
||
| 245 | _aEl pueblo del sol / | ||
| 260 |
_aMexico : _bFCE, _c1983. |
||
| 300 |
_a125 + XVI páginas ; _bimágenes. _c21 cm. |
||
| 505 | _aMagia y religión -- Carácter e la religión azteca -- La creación de los dioses -- La creación del hombre -- El hombre colaborador de los dioses... | ||
| 650 |
_aAztecas. _98117 |
||
| 650 |
_aMéxico. _918 |
||
| 650 |
_aReligión. _91195 |
||
| 942 |
_2ddc _cLIBROS |
||
| 945 | _awfj | ||